[Event "Manhem Chess Week Elo 2011"]
[Site "?"]
[Date "2011.08.13"]
[Round "1"]
[White "Segerberg, Tomas"]
[Black "Bengtsson, Jonas"]
[Result "0-1"]
[WhiteElo "1980"]
[BlackElo "2011"]
[PlyCount "62"]
[EventDate "2011.08.13"]
[SourceDate "2011.08.13"]

1. c4 Nf6 2. Nc3 e6 3. e4 d5 4. e5 d4 5. exf6 dxc3 6. bxc3 Qxf6 7. Nf3 Bd6 8.
Bd3 O-O 9. Qe2 e5 10. O-O Nc6 11. Be4 Bd7 12. Rb1 b6 13. d4 exd4 14. cxd4 Rae8
15. d5 Nd4 16. Qd3 Nxf3+ 17. Qxf3 Rxe4 18. Qxe4 Bf5 19. Qf3 Bxb1 20. Qxf6 gxf6
21. Bh6 Bxa2 22. Bxf8 Bxf8 23. Rc1 a5 24. Kf1 a4 25. Ke2 Bb3 26. Kd3 Bb4 27.
Rb1 a3 28. f4 a2 29. Ra1 f5 30. g3 Kg7 31. Kd4 Be7 0-1

[Event "Manhem Chess Week GM 2011"]
[Site "www.ssmanhem.se"]
[Date "2011.08.13"]
[Round "1"]
[White "Hammer, Jon Ludvig"]
[Black "Richter, Michael"]
[Result "1/2-1/2"]
[WhiteElo "2610"]
[BlackElo "2488"]
[PlyCount "47"]
[EventDate "2011.??.??"]
[SourceDate "2011.08.13"]

1. d4 d5 2. c4 c6 3. Nf3 e6 4. Qc2 dxc4 5. Qxc4 Nf6 6. Bg5 b5 7. Qc2 Bb7 8. e4
Nbd7 9. e5 h6 10. Bd2 Nd5 11. Nc3 Nxc3 12. bxc3 Nb6 13. Bd3 a6 14. Be4 Qc7 15.
Be3 Be7 16. O-O Nc4 17. Nd2 Nxd2 18. Qxd2 c5 19. Bxb7 Qxb7 20. a4 cxd4 21. Bxd4
O-O 22. Rfb1 Qc6 23. axb5 axb5 24. Rxa8 1/2-1/2

[Event "Manhem Chess Week GM 2011"]
[Site "www.ssmanhem.se"]
[Date "2011.08.13"]
[Round "1"]
[White "Berg Hansen, Sune"]
[Black "Semcesen, Daniel"]
[Result "1-0"]
[WhiteElo "2574"]
[BlackElo "2480"]
[PlyCount "205"]
[EventDate "2011.??.??"]
[SourceDate "2011.08.13"]

1. e4 e5 2. Nf3 Nc6 3. Bc4 Nf6 4. d3 Bc5 5. Bb3 d6 6. c3 a6 7. h3 h6 8. Nbd2
Ba7 9. Nf1 Ne7 10. Ng3 Ng6 11. O-O O-O 12. Re1 b5 13. a4 Bb7 14. Nh2 Nd7 15.
Ba2 Nc5 16. axb5 axb5 17. d4 Ne6 18. Nf5 Ngf4 19. Nf3 Qf6 20. Bb1 Bb6 21. Rxa8
Rxa8 22. Kh2 Kh8 23. g3 Ng6 24. Be3 Nef8 25. Bc2 exd4 26. cxd4 Re8 27. Bd2 Ne7
28. Ne3 Neg6 29. Ng4 Qd8 30. d5 Nd7 31. Bc3 Kg8 32. Nd4 Nde5 33. Kg2 Nxg4 34.
hxg4 Qd7 35. Nf5 f6 36. Rh1 Ne5 37. Rh4 Bc8 38. Qh1 Nf7 39. f4 b4 40. Bxb4 Qb5
41. Qe1 Bxf5 42. gxf5 Bd4 43. Qd2 Bxb2 44. Bd3 Qa4 45. Bc2 Qb5 46. Bd3 Qa4 47.
Qxb2 Rb8 48. Qa3 Qxa3 49. Bxa3 Rb3 50. Be2 Rxa3 51. Rh1 Kf8 52. Rc1 Ra7 53. Kh3
Ke7 54. Kh4 Kd8 55. Bh5 Ke7 56. Bd1 Kd8 57. Rc4 Ra3 58. Bh5 Nh8 59. Rb4 Kc8 60.
Be8 Ra6 61. Kh5 Rb6 62. Ra4 Rb8 63. Bc6 Kd8 64. Ra7 Rc8 65. Ra1 Rb8 66. Ra2 Ke7
67. Ra7 Kd8 68. g4 Rc8 69. Bb7 Rb8 70. Ba6 Kd7 71. Bb7 Kd8 72. Bc6 Rc8 73. Rb7
Ke7 74. Rb4 Rd8 75. Rb1 Rc8 76. Rb7 Kd8 77. Rb2 Ke7 78. Rb1 Rd8 79. Kh4 Nf7 80.
Rc1 Rb8 81. Rc4 Kd8 82. Ra4 Ke7 83. Ra7 Rc8 84. Kh5 Nh8 85. Ba4 Kd8 86. Rb7 Ke7
87. Bc6 Kd8 88. Ba4 Ke7 89. Bb5 Kd8 90. Bc6 Ke7 91. Ba4 Kd8 92. e5 fxe5 93.
fxe5 dxe5 94. d6 Nf7 95. dxc7+ Rxc7 96. Rxc7 Kxc7 97. Kg6 Nd6 98. Kxg7 h5 99.
gxh5 Nxf5+ 100. Kg6 Nd4 101. Kf6 e4 102. h6 e3 103. Bd1 1-0

[Event "Manhem Chess Week GM 2011"]
[Site "www.ssmanhem.se"]
[Date "2011.08.13"]
[Round "1"]
[White "Nithander, Victor"]
[Black "Berg, Emanuel"]
[Result "0-1"]
[WhiteElo "2429"]
[BlackElo "2604"]
[PlyCount "102"]
[EventDate "2011.??.??"]
[SourceDate "2011.08.13"]

1. e4 c5 2. Nf3 d6 3. d4 cxd4 4. Nxd4 Nf6 5. Nc3 a6 6. Be2 e5 7. Nb3 Be7 8. O-O
O-O 9. Kh1 Nc6 10. f3 Be6 11. Nd5 a5 12. a4 Bxd5 13. exd5 Nb4 14. c4 Na6 15.
Bd2 b6 16. Qc2 Nd7 17. f4 Nac5 18. Nxc5 Nxc5 19. Ra3 exf4 20. Bxf4 Bg5 21. Qf5
Bxf4 22. Qxf4 Ra7 23. Bd1 Re8 24. Re3 Rxe3 25. Qxe3 Re7 26. Qf4 Qc7 27. b3 Re4
28. Qf5 Re5 29. Qf2 Qe7 30. Kg1 g6 31. Qd2 Re3 32. b4 Rd3 33. Qe2 Re3 34. Qd2
axb4 35. Qxb4 Nd3 36. Qd2 Qe5 37. Bc2 Qd4 38. Kh1 Re1 39. Rxe1 Nf2+ 40. Qxf2
Qxf2 41. Re8+ Kg7 42. Bd3 Qd2 43. Bf1 Qd1 44. Kg1 Qd4+ 45. Kh1 Qf2 46. Bd3 g5
47. h3 h5 48. Re4 f5 49. Re6 g4 50. hxg4 hxg4 51. Kh2 Qf4+ 0-1

[Event "Manhem Chess Week GM 2011"]
[Site "www.ssmanhem.se"]
[Date "2011.08.13"]
[Round "1"]
[White "Carlhammar, Magnus"]
[Black "Smith, Axel"]
[Result "0-1"]
[WhiteElo "2318"]
[BlackElo "2465"]
[PlyCount "58"]
[EventDate "2011.??.??"]
[SourceDate "2011.08.13"]

1. d4 Nf6 2. Nf3 d5 3. g3 Bf5 4. Bg2 h6 5. O-O e6 6. c4 c6 7. Nc3 Be7 8. Nd2
O-O 9. e4 dxe4 10. Ndxe4 Nbd7 11. Nxf6+ Nxf6 12. d5 exd5 13. cxd5 cxd5 14. Nxd5
Nxd5 15. Qxd5 Qxd5 16. Bxd5 Bf6 17. Bxb7 Rab8 18. Bf3 Rfc8 19. Re1 Bxb2 20.
Bxb2 Rxb2 21. Re2 Rcc2 22. Rxc2 Bxc2 23. Bd5 Kf8 24. Re1 a5 25. Re3 a4 26. h4
g5 27. hxg5 hxg5 28. Rc3 Bf5 29. Ra3 Rb5 {White forfeited on time.} 0-1

[Event "Manhem Chess Week GM 2011"]
[Site "www.ssmanhem.se"]
[Date "2011.08.14"]
[Round "2"]
[White "Semcesen, Daniel"]
[Black "Hillarp Persson, Tiger"]
[Result "1-0"]
[WhiteElo "2480"]
[BlackElo "2547"]
[PlyCount "73"]
[EventDate "2011.??.??"]
[SourceDate "2011.08.13"]

1. Nf3 g6 2. c4 Bg7 3. Nc3 Nf6 4. e4 d6 5. d4 O-O 6. h3 e5 7. d5 Nh5 8. Nh2 Qe8
9. Be2 Nf4 10. Bf3 f5 11. g3 Nxh3 12. Bg2 fxe4 13. Nxe4 Bf5 14. Ng4 h5 15.
Nef6+ Bxf6 16. Nh6+ Kg7 17. Nxf5+ gxf5 18. Rxh3 Rh8 19. Bf3 h4 20. g4 e4 21.
Be2 Nd7 22. gxf5 Nc5 23. Be3 Qe5 24. Rb1 a5 25. Kd2 Qxf5 26. Qg1+ Kf7 27. Bg4
Qh7 28. Bxc5 dxc5 29. Be6+ Ke7 30. Re1 Qh6+ 31. Kc2 Qf4 32. Qg2 Bd4 33. Rxe4
Qxf2+ 34. Qxf2 Bxf2 35. Bg4+ Kd8 36. Rf3 Bd4 37. Rf7 1-0

[Event "Manhem Chess Week Elo 2011"]
[Site "?"]
[Date "2011.08.14"]
[Round "2"]
[White "Berggren Torell, Harald"]
[Black "Segerberg, Tomas"]
[Result "1-0"]
[WhiteElo "1972"]
[BlackElo "1978"]
[PlyCount "63"]
[SourceDate "2011.08.13"]

1. f4 d5 2. Nf3 g6 3. g3 Bg7 4. Bg2 Nf6 5. O-O O-O 6. c3 c5 7. d3 Nc6 8. Na3
Qb6 9. Qb3 Bd7 10. Re1 Rad8 11. e4 dxe4 12. dxe4 Qxb3 13. axb3 e5 14. Nxe5 Nxe5
15. fxe5 Ng4 16. Bg5 Rc8 17. Nc4 Nxe5 18. Nxe5 Bxe5 19. Rxa7 Be6 20. Bf1 b6 21.
Bc4 Bxc4 22. bxc4 Rb8 23. Rd1 b5 24. Rd5 f6 25. Bf4 bxc4 26. Rdd7 Rfd8 27. Rg7+
Kf8 28. Rxh7 Kg8 29. Rag7+ Kf8 30. Bh6 Rd1+ 31. Kg2 Rxb2+ 32. Kh3 1-0

[Event "Manhem Chess Week GM 2011"]
[Site "www.ssmanhem.se"]
[Date "2011.08.14"]
[Round "2"]
[White "Richter, Michael"]
[Black "Smith, Axel"]
[Result "1/2-1/2"]
[WhiteElo "2488"]
[BlackElo "2465"]
[PlyCount "143"]
[EventDate "2011.??.??"]
[SourceDate "2011.08.13"]

1. d4 Nf6 2. c4 e6 3. Nc3 Bb4 4. a3 Bxc3+ 5. bxc3 c5 6. e3 O-O 7. Bd3 b6 8. Ne2
Nc6 9. e4 Ne8 10. O-O Ba6 11. f4 f5 12. exf5 exf5 13. dxc5 bxc5 14. Ng3 g6 15.
Be3 d6 16. Re1 Qd7 17. Bf2 Nf6 18. Nf1 Rae8 19. Ne3 Ne7 20. Bh4 Bb7 21. Ra2 Ne4
22. Bxe4 Bxe4 23. Rae2 Nc8 24. Ng4 Re6 25. Nf2 Qc6 26. Nxe4 Rxe4 27. Rxe4 fxe4
28. Bg5 Kg7 29. Qg4 h6 30. Bh4 Rf5 31. Bg3 d5 32. cxd5 Qxd5 33. Rd1 Qe6 34. Qe2
Rd5 35. Rb1 Nd6 36. Bf2 Qf5 37. Be3 Rd3 38. g4 Qd5 39. Rf1 Nc4 40. Bc1 Rxc3 41.
Bb2 Nxb2 42. Qxb2 Qb3 43. Qxb3 Rxb3 44. Rc1 Rf3 45. Rxc5 Rxf4 46. Rc7+ Kf6 47.
Rxa7 Kg5 48. Re7 Rxg4+ 49. Kf2 Kh4 50. a4 Kh3 51. a5 Kxh2 52. a6 g5 53. Rh7
Rg2+ 54. Ke3 Kg3 55. Rxh6 Ra2 56. Kxe4 g4 57. Rg6 Kh3 58. Rh6+ Kg2 59. Kd4 g3
60. Kc4 Kf1 61. Rf6+ Ke1 62. Re6+ Kf2 63. Rf6+ Kg1 64. Kb5 g2 65. Kb6 Kh2 66.
Rh6+ Kg3 67. Rg6+ Kf2 68. a7 g1=Q 69. Rxg1 Kxg1 70. Kb7 Kh1 71. a8=Q Rxa8 72.
Kxa8 1/2-1/2

[Event "Manhem Chess Week Elo 2011"]
[Site "www.ssmanhem.se"]
[Date "2011.08.15"]
[Round "3"]
[White "Wahlström, Lennart"]
[Black "Bengtsson, Jonas"]
[Result "0-1"]
[WhiteElo "2085"]
[BlackElo "2011"]
[PlyCount "92"]
[EventDate "2011.??.??"]
[SourceDate "2011.08.13"]

1. e4 c5 2. Nf3 e6 3. d4 cxd4 4. Nxd4 Nf6 5. Nc3 d6 6. Be2 a6 7. O-O Be7 8. Be3
O-O 9. f4 Qc7 10. Qe1 b5 11. a3 Bb7 12. Bd3 Nbd7 13. Qg3 Nc5 14. e5 Nfe4 15.
Nxe4 Nxe4 16. Bxe4 Bxe4 17. f5 exf5 18. Bh6 g6 19. Bxf8 Bxf8 20. e6 Bg7 21.
exf7+ Kxf7 22. c3 Re8 23. Rae1 Kg8 24. h4 Qe7 25. Nf3 Kh8 26. Ng5 d5 27. Nf3 a5
28. Re2 b4 29. axb4 axb4 30. cxb4 Qxb4 31. Rc1 Bxb2 32. Rb1 Qc5+ 33. Kh1 Bf6
34. Rb8 Rxb8 35. Qxb8+ Kg7 36. Ra2 Qc1+ 37. Kh2 Bxf3 38. Ra7+ Kh6 39. Qf8+ Kh5
40. Rxh7+ Kg4 41. Qd6 Qf4+ 42. Qxf4+ Kxf4 43. gxf3 Kxf3 44. Rh6 d4 45. Kg1 d3
46. Rh7 Bd4+ 0-1

[Event "Manhem Chess Week GM 2011"]
[Site "www.ssmanhem.se"]
[Date "2011.08.15"]
[Round "3"]
[White "Hillarp Persson, Tiger"]
[Black "Hammer, Jon Ludvig"]
[Result "1/2-1/2"]
[WhiteElo "2547"]
[BlackElo "2610"]
[PlyCount "83"]
[EventDate "2011.??.??"]
[SourceDate "2011.08.13"]

1. e4 e5 2. Nf3 Nc6 3. Bb5 Nf6 4. d3 Bc5 5. c3 O-O 6. h3 d6 7. Nbd2 Bb6 8. Nf1
Ne7 9. Ng3 Ng6 10. O-O c6 11. Ba4 d5 12. Re1 dxe4 13. dxe4 Qxd1 14. Rxd1 Be6
15. Bb3 Bxb3 16. axb3 h6 17. Bd2 Rfd8 18. c4 a6 19. Bc3 Rxd1+ 20. Rxd1 Re8 21.
Kf1 Bc7 22. Ne1 Nf4 23. f3 g6 24. Ne2 Ne6 25. Nd3 Nd7 26. b4 h5 27. Nec1 f6 28.
Nb3 Rd8 29. h4 Kf7 30. Ke2 Ke7 31. g3 Rb8 32. Ra1 Nb6 33. Na5 Nc8 34. Nc5 Bxa5
35. bxa5 Nxc5 36. Bb4 Nd6 37. Bxc5 Ke6 38. b3 Rd8 39. Rg1 f5 40. Rd1 fxe4 41.
fxe4 Rd7 42. Bxd6 1/2-1/2

[Event "Manhem Chess Week GM 2011"]
[Site "www.ssmanhem.se"]
[Date "2011.08.15"]
[Round "3"]
[White "Carlhammar, Magnus"]
[Black "Bejtovic, Jasmin"]
[Result "1/2-1/2"]
[WhiteElo "2318"]
[BlackElo "2415"]
[PlyCount "149"]
[EventDate "2011.??.??"]
[SourceDate "2011.08.13"]

1. d4 Nf6 2. c4 g6 3. Nf3 Bg7 4. g3 d6 5. Bg2 O-O 6. O-O Nc6 7. Nc3 a6 8. Qd3
Bd7 9. d5 Nb4 10. Qd1 a5 11. a3 Na6 12. Be3 c5 13. Qd2 e5 14. dxe6 Bxe6 15. Nd5
Bxd5 16. cxd5 Re8 17. Rfd1 Qe7 18. Bf1 Nc7 19. Bg5 Qd7 20. Bxf6 Bxf6 21. Rab1
b5 22. Qf4 Bg7 23. h4 Re7 24. h5 Rae8 25. hxg6 hxg6 26. Qd2 a4 27. Qa5 Bf6 28.
Qb6 Kg7 29. Qc6 Qxc6 30. dxc6 d5 31. e3 Rb8 32. Bh3 b4 33. Ne1 bxa3 34. bxa3
Rb3 35. Nd3 c4 36. Nf4 Bb2 37. Bd7 Bxa3 38. Ra1 Re5 39. Rd2 c3 40. Rc2 Re4 41.
Kf1 Bb2 42. Ra2 a3 43. Ke2 Ra4 44. Kd3 Ra7 45. Kd4 Rb5 46. Ke5 d4+ 47. Kxd4 g5
48. Ne2 Ra4+ 49. Kd3 Rd5+ 50. Nd4 Kf6 51. Rxc3 Bxc3 52. Kxc3 Ke7 53. Kb3 Ra7
54. Rxa3 Rxa3+ 55. Kxa3 Kd6 56. Kb4 Na6+ 57. Kc4 Rc5+ 58. Kd3 Nb4+ 59. Ke4 Nd5
60. Nf5+ Kc7 61. Kd4 Ra5 62. Ng7 Nf6 63. Ne8+ Nxe8 64. Bxe8 f6 65. Bd7 Kd6 66.
Ke4 Re5+ 67. Kf3 Rc5 68. Kg4 Ke5 69. f3 Kd6 70. e4 Ke5 71. Be8 Rc3 72. Bd7 Rc4
73. Kh5 Kd6 74. Kg6 Ke7 75. Kf5 1/2-1/2

[Event "Manhem Chess Week GM 2011"]
[Site "www.ssmanhem.se"]
[Date "2011.08.15"]
[Round "3"]
[White "Nithander, Victor"]
[Black "Semcesen, Daniel"]
[Result "1-0"]
[WhiteElo "2429"]
[BlackElo "2480"]
[PlyCount "137"]
[EventDate "2011.??.??"]
[SourceDate "2011.08.13"]

1. c4 b6 2. Nc3 Bb7 3. e4 e6 4. Nf3 Nf6 5. Bd3 c5 6. O-O d6 7. Bc2 Be7 8. d4
cxd4 9. Nxd4 Nbd7 10. b3 O-O 11. Re1 a6 12. Bb2 Rc8 13. f4 Qc7 14. Qf3 Rfe8 15.
Rad1 Bf8 16. Qh3 g6 17. Bb1 Qb8 18. Rf1 Bg7 19. Nf3 Nh5 20. Ng5 h6 21. Nxf7
Kxf7 22. e5 Qc7 23. Ba3 b5 24. Bxd6 Qb6+ 25. Kh1 Rcd8 26. Qg4 Nf8 27. Bxf8 Kxf8
28. Bxg6 Rxd1 29. Nxd1 Rd8 30. Bxh5 Rd2 31. Rg1 Be4 32. cxb5 axb5 33. Qg3 Qd4
34. a4 b4 35. a5 Rd3 36. Qh4 Rxb3 37. Nf2 Rb1 38. Rxb1 Bxb1 39. a6 Kg8 40. h3
Bc2 41. Bg4 Kf7 42. Bxe6+ Kxe6 43. f5+ Kxe5 44. Qxd4+ Kxd4 45. a7 b3 46. a8=Q
b2 47. Qa7+ Kc4 48. Qf7+ Kb4 49. Qxg7 b1=Q+ 50. Kh2 Bxf5 51. Qxh6 Qc2 52. Qf4+
Kb5 53. g4 Bd7 54. Qe5+ Kb6 55. Kg3 Bc6 56. Qd4+ Kb7 57. Nd3 Qg2+ 58. Kh4 Kc7
59. Nf4 Qh1 60. Qe5+ Kd7 61. Kg5 Bf3 62. Qf5+ Ke8 63. Qc8+ Kf7 64. Qc7+ Kf8 65.
Ng6+ Kg8 66. Qd8+ Kf7 67. Qe7+ Kg8 68. Qf8+ Kh7 69. Qh8# 1-0

[Event "Manhem Chess Week GM 2011"]
[Site "www.ssmanhem.se"]
[Date "2011.08.15"]
[Round "3"]
[White "Berg Hansen, Sune"]
[Black "Richter, Michael"]
[Result "1/2-1/2"]
[WhiteElo "2574"]
[BlackElo "2488"]
[PlyCount "40"]
[EventDate "2011.??.??"]
[SourceDate "2011.08.13"]

1. e4 e6 2. d4 d5 3. Nd2 Nf6 4. e5 Nfd7 5. c3 c5 6. Bd3 Nc6 7. Ngf3 f6 8. exf6
Nxf6 9. O-O cxd4 10. cxd4 Bd6 11. b3 O-O 12. Bb2 Bd7 13. Rc1 Nb4 14. Bb1 Bb5
15. Re1 Nd3 16. Bxd3 Bxd3 17. Ne5 Ba6 18. a3 Qe7 19. b4 Bb5 20. Re3 Rac8
1/2-1/2

[Event "Manhem Chess Week GM 2011"]
[Site "www.ssmanhem.se"]
[Date "2011.08.16"]
[Round "2"]
[White "Bejtovic, Jasmin"]
[Black "Nithander, Victor"]
[Result "1-0"]
[WhiteElo "2415"]
[BlackElo "2429"]
[PlyCount "81"]
[EventDate "2011.??.??"]
[SourceDate "2011.08.13"]

1. e4 c5 2. Nc3 Nc6 3. g3 g6 4. Bg2 Bg7 5. d3 d6 6. f4 e6 7. Nf3 Nge7 8. O-O
O-O 9. Be3 Nd4 10. e5 Nef5 11. Bf2 Nxf3+ 12. Qxf3 Bd7 13. Qxb7 Rb8 14. Qxa7
Rxb2 15. Rac1 dxe5 16. Qa3 Rb8 17. Bxc5 exf4 18. Rxf4 Re8 19. Re1 h5 20. Rc4 h4
21. Bf2 hxg3 22. hxg3 Rc8 23. Ne4 Rxc4 24. dxc4 Bc6 25. Qd3 Qa5 26. Rd1 Bxe4
27. Bxe4 Bf6 28. Qf3 Kg7 29. c5 Qxa2 30. c6 Rc8 31. g4 Ne7 32. Rd7 Qa1+ 33. Kg2
Rh8 34. Rd1 Qe5 35. Bg3 Qb2 36. Rf1 g5 37. c7 Nd5 38. Bxd5 exd5 39. Qf5 Qc3 40.
Rf3 Qc6 41. Be5 1-0

[Event "Manhem Chess Week Elo 2011"]
[Site "?"]
[Date "2011.08.16"]
[Round "4"]
[White "Bergren Torell, Harald"]
[Black "Wahlström, Lennart"]
[Result "1/2-1/2"]
[WhiteElo "1972"]
[BlackElo "2134"]
[PlyCount "71"]
[SourceDate "2011.08.13"]

1. f4 d5 2. Nf3 Bg4 3. e3 Nd7 4. Be2 e6 5. O-O Ngf6 6. b3 Be7 7. Bb2 O-O 8. d3
c5 9. Nbd2 Qc7 10. h3 Bxf3 11. Bxf3 Rac8 12. g3 e5 13. Qe1 Bd6 14. Kg2 b5 15.
c4 bxc4 16. dxc4 d4 17. Ne4 Nxe4 18. Bxe4 Nf6 19. fxe5 Bxe5 20. exd4 cxd4 21.
Bf3 Rfe8 22. Qf2 Rcd8 23. Rad1 d3 24. Rfe1 Bxb2 25. Rxe8+ Rxe8 26. Qxb2 Qd6 27.
c5 Qxc5 28. Rxd3 h5 29. Qf2 Qf5 30. Rd2 Qg5 31. h4 Qa5 32. Rd4 Qe5 33. Rd2 Qa5
34. Rd4 Qe5 35. Rd2 Qa5 36. Rd4 1/2-1/2

[Event "Manhem Chess Week GM 2011"]
[Site "www.ssmanhem.se"]
[Date "2011.08.16"]
[Round "4"]
[White "Richter, Michael"]
[Black "Berg, Emanuel"]
[Result "0-1"]
[WhiteElo "2488"]
[BlackElo "2604"]
[PlyCount "72"]
[EventDate "2011.??.??"]
[SourceDate "2011.08.13"]

1. d4 e6 2. e4 d5 3. Nd2 Nf6 4. e5 Nfd7 5. c3 c5 6. Bd3 Nc6 7. Ne2 cxd4 8. cxd4
f6 9. Nf4 Nxd4 10. Qh5+ Ke7 11. exf6+ Nxf6 12. Ng6+ hxg6 13. Qxh8 Kf7 14. O-O
e5 15. Nb3 Nxb3 16. axb3 Bf5 17. Bxf5 gxf5 18. Bg5 Bc5 19. Qh3 g6 20. b4 Bb6
21. Qb3 Qd6 22. Be3 Rd8 23. Bc5 Qe6 24. Bxb6 Qxb6 25. Rfc1 a6 26. b5 axb5 27.
Qc3 Qe6 28. Ra7 Rd7 29. Qc5 d4 30. Qxb5 Qe7 31. Rd1 e4 32. Qc4+ Qe6 33. Qb5 Qe7
34. Qc4+ Kg7 35. Rxd4 Rc7 36. Qb3 Qb4 0-1

[Event "Manhem Chess Week GM 2011"]
[Site "www.ssmanhem.se"]
[Date "2011.08.16"]
[Round "4"]
[White "Bejtovic, Jasmin"]
[Black "Smith, Axel"]
[Result "1/2-1/2"]
[WhiteElo "2415"]
[BlackElo "2465"]
[PlyCount "61"]
[EventDate "2011.??.??"]
[SourceDate "2011.08.13"]

1. Nf3 c5 2. e4 d6 3. g3 g6 4. Bg2 Nf6 5. d3 Bg7 6. O-O O-O 7. Re1 Nc6 8. c3 b5
9. d4 cxd4 10. cxd4 Bg4 11. h3 Bxf3 12. Bxf3 e5 13. dxe5 dxe5 14. Nc3 Qxd1 15.
Bxd1 Nd4 16. Be3 b4 17. Nd5 Nxd5 18. exd5 a5 19. Bxd4 exd4 20. Ba4 Rfd8 21.
Rad1 Ra7 22. Bc6 Bf6 23. b3 Kf8 24. Kf1 Re7 25. Rxe7 Kxe7 26. Ke2 h5 27. Kd3 h4
28. Re1+ Kd6 29. Re8 Rxe8 30. Bxe8 Ke7 31. Bc6 1/2-1/2

[Event "Manhem Chess Week GM 2011"]
[Site "www.ssmanhem.se"]
[Date "2011.08.16"]
[Round "4"]
[White "Berg Hansen, Sune"]
[Black "Hillarp Persson, Tiger"]
[Result "1/2-1/2"]
[WhiteElo "2574"]
[BlackElo "2547"]
[PlyCount "48"]
[EventDate "2011.??.??"]
[SourceDate "2011.08.13"]

1. e4 d6 2. d4 Nf6 3. Nc3 g6 4. Be3 a6 5. Qd2 b5 6. f3 Nbd7 7. g4 Nb6 8. Nd1 h5
9. g5 Nfd7 10. f4 d5 11. e5 e6 12. b3 c5 13. c3 c4 14. Nf3 Nb8 15. Nh4 Nc6 16.
bxc4 Nxc4 17. Qc2 Ne7 18. Bc1 Nf5 19. Nxf5 exf5 20. Ne3 Be6 21. Nxc4 dxc4 22.
Bg2 Bd5 23. O-O Be7 24. Re1 O-O 1/2-1/2

[Event "Manhem Chess Week GM 2011"]
[Site "www.ssmanhem.se"]
[Date "2011.08.16"]
[Round "4"]
[White "Semcesen, Daniel"]
[Black "Carlhammar, Magnus"]
[Result "1-0"]
[WhiteElo "2480"]
[BlackElo "2318"]
[PlyCount "106"]
[EventDate "2011.??.??"]
[SourceDate "2011.08.13"]

1. d4 d6 2. Nf3 Nf6 3. c4 Nbd7 4. Nc3 e5 5. Bg5 Be7 6. e3 O-O 7. Qc2 c6 8. Bd3
h6 9. Bh4 Re8 10. O-O Nh5 11. Bg3 Nxg3 12. hxg3 Qc7 13. a3 Nf6 14. b4 Bf8 15.
Rab1 Bg4 16. Rfc1 Qe7 17. Nd2 exd4 18. exd4 g6 19. c5 dxc5 20. dxc5 Rad8 21.
Nc4 Qd7 22. Ne4 Nxe4 23. Bxe4 Qd4 24. Re1 Re6 25. Kh2 Rde8 26. f3 Bf5 27. Rbd1
Qf6 28. Re3 Bxe4 29. fxe4 Qg5 30. Rd7 Qh5+ 31. Kg1 Qg4 32. e5 Bg7 33. Re4 Qg5
34. Qf2 R8e7 35. Rd8+ Kh7 36. Qf4 Qxf4 37. gxf4 f6 38. exf6 Rxe4 39. fxe7 Rxe7
40. g3 Bf6 41. Rb8 h5 42. Kg2 g5 43. fxg5 Bxg5 44. Na5 Bc1 45. Nxb7 Bxa3 46.
Na5 Rg7 47. Kh3 Rg6 48. Rb7+ Kh6 49. Nc4 Bc1 50. Nd6 Rf6 51. Rxa7 Be3 52. Rc7
Kg6 53. Rxc6 Re6 1-0

[Event "Manhem Chess Week Elo 2011"]
[Site "?"]
[Date "2011.08.17"]
[Round "5"]
[White "Wahlström, Lennart"]
[Black "Segerberg, Tomas"]
[Result "1/2-1/2"]
[WhiteElo "2134"]
[BlackElo "1978"]
[PlyCount "76"]
[EventDate "2011.08.17"]
[SourceDate "2011.08.13"]

1. e4 e6 2. d4 d5 3. exd5 exd5 4. c4 Nf6 5. Nc3 Bb4 6. Nf3 O-O 7. Be2 dxc4 8.
Bxc4 Re8+ 9. Be3 Be6 10. Bxe6 Rxe6 11. O-O Bxc3 12. bxc3 h6 13. c4 c6 14. Qb3
b6 15. Rfd1 Re8 16. Bf4 Nbd7 17. h3 Qc8 18. Re1 Qb7 19. Ne5 c5 20. d5 Nxe5 21.
Bxe5 Nd7 22. Bf4 Nf6 23. a4 Qd7 24. Qc2 Rxe1+ 25. Rxe1 Re8 26. Rxe8+ Qxe8 27.
Kf1 a6 28. Bc7 b5 29. Bb6 bxc4 30. Qxc4 Qe5 31. Bxc5 Nxd5 32. Qd4 Qf5 33. Bd6
Qb1+ 34. Ke2 Qc2+ 35. Kf3 Qf5+ 36. Ke2 Qc2+ 37. Kf3 Qf5+ 38. Ke2 Qc2+ 1/2-1/2

[Event "Manhem Chess Week Elo 2011"]
[Site "?"]
[Date "2011.08.17"]
[Round "5"]
[White "Bengtsson, Jonas"]
[Black "Berggren Torell, Harald"]
[Result "0-1"]
[WhiteElo "2027"]
[BlackElo "1972"]
[PlyCount "66"]
[EventDate "2011.08.17"]
[SourceDate "2011.08.13"]

1. d4 f5 2. g3 Nf6 3. Bg2 e6 4. c4 c6 5. Qc2 d5 6. Nh3 Bd6 7. O-O O-O 8. Bf4
Be7 9. Nc3 h6 10. Rad1 Qe8 11. b3 g5 12. Bc1 b5 13. f3 bxc4 14. bxc4 Ba6 15.
cxd5 cxd5 16. Rfe1 Nc6 17. Nf2 Rc8 18. Qb2 Rb8 19. Qa1 Qc8 20. Bd2 Ba3 21. Rb1
Nb4 22. Rbc1 Qd7 23. Qb1 Bxc1 24. Qxc1 Rfc8 25. Qa3 Bc4 26. Rc1 Nc6 27. e3 Qe7
28. Qa4 Qb4 29. Qd1 Qa3 30. g4 Nb4 31. e4 f4 32. e5 Nd7 33. h4 Nd3 0-1

[Event "Manhem Chess Week GM 2011"]
[Site "www.ssmanhem.se"]
[Date "2011.08.17"]
[Round "5"]
[White "Nithander, Victor"]
[Black "Berg Hansen, Sune"]
[Result "1/2-1/2"]
[WhiteElo "2429"]
[BlackElo "2574"]
[PlyCount "80"]
[EventDate "2011.??.??"]
[SourceDate "2011.08.13"]

1. e4 e5 2. Nf3 Nc6 3. Bc4 Bc5 4. O-O d6 5. c3 Nf6 6. d3 a6 7. Bb3 h6 8. Nbd2
O-O 9. h3 Ba7 10. Re1 Ne7 11. Nf1 Ng6 12. Ng3 b5 13. a4 Bd7 14. d4 c5 15. Be3
Qc7 16. Qd2 Kh7 17. axb5 axb5 18. Bc2 Rfe8 19. dxe5 dxe5 20. Nf5 Bxf5 21. exf5
Nf8 22. Nh2 N8d7 23. Ng4 e4 24. Ra6 c4 25. Rea1 Bxe3 26. Qxe3 Rxa6 27. Rxa6 Kg8
28. Ra1 Nxg4 29. hxg4 Nf6 30. Bd1 Qe5 31. Be2 Nd5 32. Qd2 Nf4 33. Re1 Nd5 34.
Bf3 Nf6 35. Bd1 Qb8 36. Qe3 Rd8 37. Be2 Qd6 38. g3 Qe5 39. Rd1 Re8 40. Kg2 Qc7
1/2-1/2

[Event "Manhem Chess Week GM 2011"]
[Site "www.ssmanhem.se"]
[Date "2011.08.17"]
[Round "5"]
[White "Smith, Axel"]
[Black "Semcesen, Daniel"]
[Result "1/2-1/2"]
[WhiteElo "2465"]
[BlackElo "2480"]
[PlyCount "125"]
[EventDate "2011.??.??"]
[SourceDate "2011.08.13"]

1. c4 f5 2. Nf3 Nf6 3. g3 g6 4. Bg2 Bg7 5. O-O O-O 6. Nc3 d6 7. d4 c6 8. b4 Na6
9. b5 cxb5 10. Nxb5 Nc7 11. Nxc7 Qxc7 12. Qb3 Be6 13. d5 Bf7 14. Rb1 b5 15.
cxb5 Bxd5 16. Qa4 Qc4 17. Qxc4 Bxc4 18. Nd4 Ne4 19. Rb4 Bxa2 20. Nc6 Kf7 21.
Be3 a5 22. Ra4 Bd5 23. Bb6 Rfc8 24. Rc1 Bb2 25. Rc2 Bf6 26. Rxa5 Rxa5 27. Bxa5
Ra8 28. f3 Nc5 29. Bc3 Bxc3 30. Rxc3 Ra1+ 31. Kf2 Rb1 32. Na7 Rb2 33. Ke3 Ke6
34. Bh3 Kd7 35. g4 e6 36. gxf5 gxf5 37. Rc1 f4+ 38. Kxf4 Rxe2 39. Rg1 Nd3+ 40.
Kg3 Re3 41. Kh4 Kc7 42. Rg7+ Kb6 43. Nc8+ Kxb5 44. Nxd6+ Kc5 45. Ne4+ Kd4 46.
Rxh7 Ne5 47. Ng5 Nxf3+ 48. Nxf3+ Rxf3 49. Kg5 Rf2 50. Bg4 Rg2 51. Rd7 e5 52. h4
e4 53. h5 e3 54. h6 e2 55. h7 e1=Q 56. h8=Q+ Qe5+ 57. Qxe5+ Kxe5 58. Re7+ Kd6
59. Re2 Kc6 60. Rxg2 Bxg2 61. Kf4 Kd5 62. Bf3+ Bxf3 63. Kxf3 1/2-1/2

[Event "Manhem Chess Week GM 2011"]
[Site "www.ssmanhem.se"]
[Date "2011.08.17"]
[Round "5"]
[White "Hillarp Persson, Tiger"]
[Black "Richter, Michael"]
[Result "1/2-1/2"]
[WhiteElo "2547"]
[BlackElo "2488"]
[PlyCount "32"]
[EventDate "2011.??.??"]
[SourceDate "2011.08.13"]

1. Nf3 c5 2. g3 Nc6 3. Bg2 e5 4. d3 g6 5. c4 Bg7 6. Nc3 Nge7 7. O-O O-O 8. a3
d6 9. Be3 a5 10. Rb1 Rb8 11. Ne1 Be6 12. Nc2 f5 13. b4 f4 14. Bd2 axb4 15. axb4
cxb4 16. Rxb4 Nxb4 1/2-1/2